Statistiques concernant Tous les pays n’ayant jamais participé à la Coupe du Monde de la FIFA

Cliquez ici pour prendre le quiz!

Statistiques générales

  • Ce quiz a été pris 203 fois
  • Le résultat moyen est 72 sur 133

Statistiques - réponses

HintRéponse% Correct
Estonie
80%
Lettonie
80%
Lituanie
80%
Saint-Marin
79%
Andorre
77%
Finlande
75%
Inde
75%
Luxembourg
75%
Biélorussie
72%
Kazakhstan
72%
Kosovo
71%
Liechtenstein
71%
UEFAAlbanie
70%
Arménie
70%
Pakistan
70%
Chypre
69%
Soudan
69%
OFCFidji
68%
Guinée
68%
Macédoine du Nord
68%
Azerbaïdjan
67%
Lesotho
67%
Moldavie
67%
Oman
67%
Ouzbékistan
67%
Tadjikistan
67%
Géorgie
66%
Malte
66%
Turkménistan
66%
AFCAfghanistan
65%
Libye
65%
République du Congo
65%
Soudan du Sud
65%
Tonga
65%
Yémen
65%
Guinée-Bissau
64%
Kirghizistan
64%
Mali
64%
Mauritanie
64%
CONMEBOLVenezuela
64%
Belize
63%
Laos
63%
Liban
63%
Mongolie
63%
Monténégro
63%
Somalie
63%
Madagascar
62%
République Dominicaine
62%
Viêt Nam
62%
Guinée Équatoriale
61%
Niger
61%
Zimbabwe
61%
Burundi
60%
Kenya
60%
Saint-Vincent-et-les-Grenadines
60%
Sri Lanka
60%
Zambie
60%
Bhoutan
59%
Cambodge
59%
Éthiopie
59%
Népal
59%
Saint-Christophe- et-Niévès
59%
Sainte-Lucie
59%
Samoa
59%
Seychelles
59%
Suriname
59%
Syrie
59%
Taipei chinois
59%
Bangladesh
58%
Dominique
57%
Guatemala
57%
Antigua-et-Barbuda
56%
Birmanie
56%
Djibouti
56%
Eswatini
56%
Guyana
56%
Jordanie
56%
Nicaragua
56%
Papouasie-Nouvelle-Guinée
56%
Thaïlande
56%
Bahamas
55%
Barbade
55%
Érythrée
55%
Gabon
54%
Maldives
54%
Mozambique
54%
Philippines
54%
Tanzanie
54%
Tchad
54%
Brunei
53%
Cap-Vert
53%
Grenade
53%
Namibie
53%
Singapour
53%
Bahreïn
52%
Comores
52%
Gambie
52%
Liberia
52%
Malaisie
52%
Rwanda
52%
Vanuatu
52%
CAFBénin
51%
Botswana
51%
Burkina Faso
51%
République Centrafricaine
51%
Îles Salomon
49%
Maurice
49%
Ouganda
46%
Sierra Leone
46%
Gibraltar
45%
Sao Tomé-et-Principe
45%
Malawi
43%
Îles Féroé
40%
Palestine
29%
Îles Cook
25%
Nouvelle-Calédonie
23%
Tahiti
23%
Aruba
21%
Curaçao
20%
Hong Kong
20%
Îles Vierges des États-Unis
18%
Îles Vierges britanniques
17%
Samoa américaines
17%
Timor-Leste
16%
Guam
15%
Porto Rico
15%
CONCACAFAnguilla
14%
Îles Caïmans
14%
Montserrat
14%
Niue
14%
Îles Turques-et-Caïques
11%
Macau
6%
Bermuda
3%

Distribution des résultats

Percentile par nombre de réponses

% des personnes avec chaque résultat

Votre développement - résultats

Vous n’avez pas pris ce quiz